HUMAN RESOURCE MANAGEMENT (Record no. 9028)
[ view plain ]
| 000 -LEADER | |
|---|---|
| fixed length control field | 00633nam a22001577a 4500 |
| 003 - CONTROL NUMBER IDENTIFIER | |
| control field | SGT |
| 020 ## - INTERNATIONAL STANDARD BOOK NUMBER | |
| International Standard Book Number | 9788151610064 |
| 082 ## - DEWEY DECIMAL CLASSIFICATION NUMBER | |
| Classification number | 658.3,GUP |
| 100 ## - MAIN ENTRY--PERSONAL NAME | |
| Personal name | GUPTA, C B |
| 245 ## - TITLE STATEMENT | |
| Title | HUMAN RESOURCE MANAGEMENT |
| 260 ## - PUBLICATION, DISTRIBUTION, ETC. (IMPRINT) | |
| Place of publication, distribution, etc | NEW DELHI |
| Name of publisher, distributor, etc | S CHAND |
| Year of Publication | 2014 |
| 300 ## - PAGE DESCRIPTION | |
| No. of Pages | V.P. |
| 650 ## - SUBJECT ADDED ENTRY--TOPICAL TERM | |
| Topical term or geographic name as entry element | MANAGEMENT |
| 653 ## - KEYWORDS--INDEX TERM | |
| Keyword term | INTRODUCTION TO HUMAN RESOURCE MANAGEMENT,NATURE AND SCOPE OF HUMAN RESOURCE MANAGEMENT,ORGANIZING THE HUMAN RESOURCE FUNCTION,STRATEGIC HUMAN RESOURCE MANAGEMENT,HUMAN RESOURCE POLICIES, ACQUIRING HUMAN RESOURCES , HUMAN RESOURCES PLANNING, JOB ANALYSIS AND JOB DESIGN , RECRUITMENT AND SELECTION |
| 942 ## - ADDED ENTRY ELEMENTS (KOHA) | |
| Source of classification or shelving scheme | Dewey Decimal Classification |
| Koha item type | FCM Books |
| 942 ## - ADDED ENTRY ELEMENTS (KOHA) | |
| -- | 36 |
| Withdrawn status | Lost status | Source of classification or shelving scheme | Damaged status | Not for loan | Collection code | Home library | Current library | Shelving location | Date acquired | Vendor Name | Cost, normal purchase price | SGTU | Bill Number | Total Checkouts | Total Renewals | Full call number | Accession No. (Barcode) | Date last seen | Date last borrowed | Bill Date | Koha item type |
|---|---|---|---|---|---|---|---|---|---|---|---|---|---|---|---|---|---|---|---|---|---|
| Dewey Decimal Classification | COMMERCE MANAGEMENT | SGT Science & Social Sciences Library | SGT Science & Social Sciences Library | Text Book | 15/06/2016 | KIRTI PRKASHAN | 550.00 | SGTU | 2308 | 38 | 3 | 658.3,GUP | CM612 | 16/04/2024 | 27/03/2023 | FCM Books | |||||
| Dewey Decimal Classification | COMMERCE MANAGEMENT | SGT Science & Social Sciences Library | SGT Science & Social Sciences Library | Text Book | 15/06/2016 | KIRTI PRKASHAN | 550.00 | SGTU | 2308 | 58 | 658.3,GUP | CM613 | 23/06/2025 | 16/06/2025 | FCM Books |